000 nam a22 7a 4500
999 _c4934
_d235438
020 _a9789873886348
080 _a347.72 B 185
100 _aBalbin, Sebastian
245 _aLey General de Sociedades:
_bSociedad por Acciones simplificada: ley 27349: revisada, ordenada y comentada
250 _a2ª Ed.
260 _aCiudad Autónoma de Buenos aires
_bCáthedra Jurídica
_c2018
300 _a1074 P:
_c20 X 14 Cm.
650 _xsociedades
_xobjeto
_xforma
_xprueba
_xconstitucion
_xacciones
_xresolucion parcial
_xdisolucion
_xliquidacion
_xsolciedades colectivas
_xsociedades en comandita simple
_xsociedades de capital e industria
_xsociedades por acciones
_xsociedades anonimas
_xsociedades de responsabilidad limitada
_xderecho de voto
_xderecho de usufructo
_xusufructo de acciones
_xasamblea de accionistas
_xconsejo de vigilancia
_xnulidades
_xsociedades controladas
_xadministracion
_xfusion
_xescicion
_xtransformacion
_xintervencion judicial
_xsociedades constituidas en el extranjero
_xderecho de receso
_xactas
_xsociedad en comandita por acciones
_xdebentures
_xmercado de capitales
_xsociedad por acciones simplificada
_xley 27349
942 _6_
945 _acd
_d2019-05-06